| 000 | 00881cam a2200253 i 4500 | ||
|---|---|---|---|
| 001 | 346718 | ||
| 003 | ARRUPE | ||
| 005 | 20161109111003.0 | ||
| 008 | 761104s1977 miu b 001 0 eng | ||
| 010 | _a 76053838 | ||
| 020 | _a0802816835 | ||
| 040 |
_aDLC _cDLC _dDLC |
||
| 050 | 0 | 0 |
_aBL245 _b.K52 |
| 082 | 0 | 0 |
_a261.5/5/09032 _219 |
| 100 | 1 |
_aKlaaren, Eugene M. _q(Eugene Marion), _d1937- _99995 |
|
| 245 | 1 | 0 |
_aReligious origins of modern science : _bbelief in creation in seventeenth-century thought / _cby Eugene M. Klaaren. |
| 260 |
_aGrand Rapids : _bEerdmans, _cc1977. |
||
| 300 |
_axii, 244 p. ; _c21 cm. |
||
| 504 | _aIncludes bibliographical references and index. | ||
| 650 | 0 |
_aReligion and science _xHistory. _99996 |
|
| 650 | 0 |
_aCreation _xHistory of doctrines _y17th century. _99997 |
|
| 906 |
_a7 _bcbc _corignew _d1 _eocip _f19 _gy-gencatlg |
||
| 942 |
_2lcc _cMONOGRAPH |
||
| 999 |
_c120443 _d120443 |
||